ՀՀ Գիտությունների ազգային ակադեմիայի հիմնարար գիտական գրադարան  =   Fundamental Scientific Library of NAS RA

Использование ЭВМ типа "Мир" для решения задач прикладной механики / (Record no. 31115)

MARC details
000 -LEADER
fixed length control field 01029-am-a2200253-a-4500
001 - CONTROL NUMBER
control field 000097130
003 - CONTROL NUMBER IDENTIFIER
control field AM-YEHGA
005 - DATE AND TIME OF LATEST TRANSACTION
control field 20250617122137.0
008 - FIXED-LENGTH DATA ELEMENTS--GENERAL INFORMATION
fixed length control field 990530s1977 ru ||||| |||| 00| 0 rus d
040 ## - CATALOGING SOURCE
Original cataloging agency AM-YeHGA
041 0# - LANGUAGE CODE
Language code of text/sound track or separate title rus
090 ## - LOCALLY ASSIGNED LC-TYPE CALL NUMBER (OCLC); LOCAL CALL NUMBER (RLIN)
-- 31557
245 00 - TITLE STATEMENT
Title Использование ЭВМ типа "Мир" для решения задач прикладной механики /
Statement of responsibility, etc. В.Л. Благонадеждин, В.М. Лейзерах и др. ; Ред. Н.И. Жинжер.
260 ## - PUBLICATION, DISTRIBUTION, ETC.
Place of publication, distribution, etc. Москва :
Name of publisher, distributor, etc. Б. и.,
Date of publication, distribution, etc. 1977.
300 ## - PHYSICAL DESCRIPTION
Extent 68 с.
550 ## - ISSUING BODY NOTE
Issuing body note М-во высш. и сред. спец. образования СССР ; Московский энергетический ин-т
650 14 - SUBJECT ADDED ENTRY--TOPICAL TERM
Topical term or geographic name entry element Машиностроение
700 10 - ADDED ENTRY--PERSONAL NAME
Personal name Благонадеждин, В.Л.
700 1# - ADDED ENTRY--PERSONAL NAME
Personal name Лейзерах, В.М.
700 1# - ADDED ENTRY--PERSONAL NAME
Personal name Петровский, А.В.
700 1# - ADDED ENTRY--PERSONAL NAME
Personal name Хроматов, В.Е.
710 2# - ADDED ENTRY--CORPORATE NAME
Corporate name or jurisdiction name as entry element Московский энергетический ин-т
942 ## - ADDED ENTRY ELEMENTS (KOHA)
Source of classification or shelving scheme Universal Decimal Classification
Koha item type Գրքեր / Books
Holdings
Withdrawn status Lost status Damaged status Not for loan Collection Home library Current library Date acquired Total checkouts Full call number Barcode Date last seen Price effective from Koha item type Public note
        General Fundamental Scientific Library Fundamental Scientific Library 21/12/2016   PII/401290 FL0414896 21/12/2016 21/12/2016 Գրքեր / Books 30 Days Loan


ՀՀ ԳԱԱ հիմնարար գիտական գրադարան
ՀՀ,Երևան 0019
Մարշալ Բաղրամյան 24/6
հեռախոս:(374-10) 52-47-50
Հետադարձ կապ

All site content, except where otherwise noted, is licensed under a
Creative Commons License